Business Accounting 2. (Record no. 1360)
[ view plain ]
| 005 - DATE AND TIME OF LATEST TRANSACTION | |
|---|---|
| control field | 20250531143630.0 |
| 020 ## - INTERNATIONAL STANDARD BOOK NUMBER | |
| International Standard Book Number | 978-0-273-71213-8 |
| 082 ## - DEWEY DECIMAL CLASSIFICATION NUMBER | |
| Classification number | 657 WOO |
| 100 ## - MAIN ENTRY--PERSONAL NAME | |
| Author name | WOOD, F. |
| 245 ## - TITLE STATEMENT | |
| Title | Business Accounting 2. |
| 250 ## - EDITION STATEMENT | |
| Edition statement | 11th Ed. |
| 260 ## - PUBLICATION, DISTRIBUTION, ETC. | |
| Place of publication, distribution, etc. | Harlow, |
| Name of publisher, distributor, etc. | Pearson Education, |
| Date of publication, distribution, etc. | 2008. |
| 300 ## - PHYSICAL DESCRIPTION | |
| Extent | xxi,809p.: Ill.; chart, figure, graph, picture & table |
| Other physical details | Bibliographical References & Index |
| Dimensions | 25cm. |
| 700 ## - ADDED ENTRY--PERSONAL NAME | |
| Other authors/Editors | SANGSTER, A. |
| 856 ## - ELECTRONIC LOCATION AND ACCESS | |
| Link text | Access Online Book |
| Electronic name | Business Accounting 2 |
| Path | www.pearsoned.co.uk/wood |
| 942 ## - ADDED ENTRY ELEMENTS (KOHA) | |
| Source of classification or shelving scheme | Dewey Decimal Classification |
| Koha item type | Books |
| Date last seen | Total checkouts | Full call number | Barcode | Cost, replacement price | Price effective from | Koha item type | Lost status | Source of classification or shelving scheme | Damaged status | Not for loan | Withdrawn status | Home library | Current library | Shelving location | Date acquired | Cost, normal purchase price | Source of acquisition |
|---|---|---|---|---|---|---|---|---|---|---|---|---|---|---|---|---|---|
| 06/29/2025 | LECT 657 WOO | DOM0003105 | 84000.00 | 05/31/2025 | Books | Dewey Decimal Classification | CBE Dodoma | CBE Dodoma | General Collection | 10/27/2005 | 28000.00 | Library budget | |||||
| 06/29/2025 | LECT 657 WOO | DOM0004256 | 84000.00 | 05/31/2025 | Books | Dewey Decimal Classification | CBE Dodoma | CBE Dodoma | General Collection | 10/27/2005 | 28000.00 | Library budget | |||||
| 06/29/2025 | LECT 657 WOO | DOM0004257 | 84000.00 | 05/31/2025 | Books | Dewey Decimal Classification | CBE Dodoma | CBE Dodoma | General Collection | 10/27/2005 | 28000.00 | Library budget | |||||
| 04/14/2025 | 657 WOO | 0000005245 | 84000.00 | 04/14/2025 | Books | Dewey Decimal Classification | College of Business Education Main Library | College of Business Education Main Library | General Collection | 04/14/2025 | 28000.00 | ||||||
| 04/14/2025 | 657 WOO | 0000005246 | 84000.00 | 04/14/2025 | Books | Dewey Decimal Classification | College of Business Education Main Library | College of Business Education Main Library | General Collection | 04/14/2025 | 28000.00 | ||||||
| 04/14/2025 | 657 WOO | 0000005247 | 84000.00 | 04/14/2025 | Books | Dewey Decimal Classification | College of Business Education Main Library | College of Business Education Main Library | General Collection | 04/14/2025 | 28000.00 | ||||||
| 05/31/2025 | LECT 657 WOO | 00000010547 | 84000.00 | 05/31/2025 | Books | Dewey Decimal Classification | College of Business Education Main Library | College of Business Education Main Library | General Collection | 10/27/2005 | 28000.00 |
